000 01206nam a22002657a 4500
999 _c65841
_d65841
005 20240530110846.0
008 200912s2020 ua a f b 000 0dara d
017 _a2019/11385
_bمصر. دار الكتب
020 _a9789778124132
040 _aEG-CaGPL
_cEG-CaGPL
082 0 4 _221
_a571.8\
_bع ت
100 0 _aعمر يسرى عبدالله
245 1 0 _aتحليل بيانات النمو فى الكائن الحى بين النظرية والتطبيق :
_bللدارسين والباحثين فى العلوم البيولوجية والزراعية والطبية /
_cعمر يسرى عبدالله ، جوده فتحى جوده
250 _aط.1
260 _aالقاهرة :
_bالمكتب العربى للمعارف،
_c2020
300 _a113 ص. ؛
_c24 سم.
504 _aيشتمل على ارجاعات ببليوجرافية
650 0 7 _aالكائنات الحية
_2qrmak
650 0 7 _aالكائنات الحية
_xتاثيرات البيئة على
_2qrmak
650 0 7 _aالكائنات الحية
_xنمو
651 _2qrmak
700 0 _aجوده فتحى جوده
_eمؤلف مشارك
942 _2ddc
_cBK